| 000 | 00679cam a22002414a 4500 | ||
|---|---|---|---|
| 008 | |||
| 020 | _a9781856176064 (pbk.) | ||
| 049 | _aMAIN | ||
| 090 |
_aTH439 _bGLO |
||
| 100 | 1 | _aGlover, Peter. | |
| 245 | 1 | 0 |
_aBuilding surveys / _cPeter Glover. |
| 250 | _a7th ed. | ||
| 260 |
_aOxford : _bButterworth-Heinemann, _c2009. |
||
| 300 |
_axxvii, 338 p. : _bcol. ill. ; _c25 cm. |
||
| 504 | _aIncludes bibliographical references. | ||
| 500 | _aIncludes index. | ||
| 650 | 0 | _aBuilding inspection. | |
| 907 |
_a.b10305798 _b29-10-13 _c19-01-12 |
||
| 003 | |||
| 005 | 20230123125356.0 | ||
| 040 | _cNUST | ||
| 942 |
_cBOOKS _kTH439 _mGLO |
||
| 999 |
_c140441 _d140441 |
||